00470nam a2200085Ia 4500008004100000245000900041300027700050650001600327856004100343170517s9999 xx 000 0 und d aTHIN aThe 2006 cinéma vérité documentary film, THIN, directed by Lauren Greenfield and distributed by HBO, is an exploration of The Renfrew Center in Coconut Creek, Florida; a 40-bed residential facility for the treatment of women with eating disorders. The film mostly... xTechnology. uhttp://topdocumentaryfilms.com/thin/